Quizzes
Events
Quiz Creation
Community
Videos
Private Events
Remove Ads
Sign In
Join for FREE
Feedback
Dark Mode
Quiz Categories
Sports
Geography
Music
Movies
Television
Just For Fun
Miscellaneous
History
Literature
Language
Science
Gaming
Entertainment
Religion
Holiday
For Kids
Quiz Lab
Recent
Popular Today
Quiz Kudos Today
Editor Picks
Curator Picks
Quizzes by...
Day
Popularity
Type
Ratings
Length
Year
Community
Subscriptions
Recent Discussions
Orange Saloon
Badges
Playlists
Quests
Create
Leaderboards
Showdown
Live 5
Trivia Bingo
Activity
Puzzle Library
Sporcle Events
Private Events
Virtual Trivia
Globe League
Become a Host
Pub Owners
SporcleCon
Opinionation
Our Games
Videos
Blog
Mobile Apps
Partnerships
Remove Ads and Go Orange
Feedback
Sports
Athletes
MLB
NBA
NHL
NFL
Soccer
Sports Teams
WWE
NCAA
Football
Premier League
Basketball
Baseball
Hockey
Golf
Tennis
Cricket
Rugby
Auto Racing
Olympics
World Cup
Sports
Athletes
MLB
NBA
NHL
NFL
Soccer
Sports Teams
WWE
NCAA
Football
Premier League
Basketball
Baseball
Hockey
Golf
Tennis
Cricket
Rugby
Auto Racing
Olympics
World Cup
Random Quiz
Search Sporcle
×
Quiz Lab
Quiz Lab
Sports
positon
Type in answers that appear in a list
Type in answers that appear in a list
Classic
Best Score? Go Orange.
West ham Squad Stats
Can you name the West ham Squad 2012-13?
By
n3dward
10m
26 Questions
29 Plays
29 Plays
29 Plays
Comments
Comments
Give Quiz Kudos
Give Quiz Kudos
-
- Ratings
hide this ad
More Info
Replay
Link that replays current quiz
Next Quiz
Link to next quiz in quiz playlist
You Got
0%
They Got
Avg Score
47%
Avg Friend Score
Upgrade to see
Score Distribution
Jump to the score distribution portion of the page
Score
0/26
Timer
10:00
0
Plays Today
Positon
% Correct
Midfielder(captain)
Kevin Nolan
96.6%
Midfielder
Mark Noble
86.2%
Midfielder
Joe Cole
86.2%
Forward
Andy Carroll
86.2%
Forward
Carlton Cole
86.2%
Defender
James Collins
82.8%
Defender
Winston Reid
79.3%
Defender
James Tomkins
65.5%
Defender
Guy Demel
65.5%
Midfielder
Matt Taylor
55.2%
Defender
Joey O'Brien
51.7%
Goalkeeper
Stephen Henderson
48.3%
Midfielder
Matt Jarvis
48.3%
Positon
% Correct
Midfielder
Jack Collison
48.3%
Defender
George McCartney
44.8%
Defender
Danny Potts
41.4%
Forward
Marouane Chamakh
37.9%
Midfielder
Alou Diarra
27.6%
Midfielder
Gary O'Neil
27.6%
Forward
Elliot Lee
27.6%
Defender
Emanuel Pogatetz
13.8%
Goalkeeper
Jussi Jääskeläinen
10.3%
Defender
Jordan Spence
10.3%
Forward
Modibo Maïga
10.3%
Midfielder
Mohamed Diamé
6.9%
Forward
Ricardo Vaz Tê
0%
Quiz Playlist
Details
Report
Send in Message
Add To Playlist
More Info:
West ham squad 2012 to 2013
Classic:
Type in answers that appear in a list
Quiz Source
Last Updated: Feb 16, 2017
Quiz Scoreboard
CHALLENGE
Sign Up to Join the Scoreboard
Show All
Scores
Hide
Comments
May contain spoilers
Recently Published
Movies - When Are They Set?
by FPL_Elf
Movies
5m
Popular People in 1961
by mucciniale
History
6m
1-10 Letter E Words III
by El_Dandy
Language
2m
More to Explore
Quiz From the Vault
Featured Blog Post
Where Did the Easter Bunny Come From?
hide this ad
You Might Also Like...
Tags
ham
positon
Squad
West
Today's Top Quizzes in Sports
Browse Sports
hide this ad
Top Contributed Quizzes in Sports
1
Les meilleurs buteurs des matchs entre le PSG et l’OM
2
Les entraîneurs de l'OM et du PSG au 21e siècle
3
FIFA Club World Cup Champions
4
2022 World Cup Stars
5
Name the Premier League winners with different clubs
6
La finale Lions - Afrique du Sud 2021
7
Criteria MLB: Left Handed Sluggers
8
Players with Multiple 50 Home Run Seasons
9
MLB Players with Two .350 Batting Average Seasons
10
MLB Hall of Famer by Rings
Explore More
Trending Topics
Kpop
Harry Potter
NBA
Anime
Marvel
Crossword
Disney
WWE
Soccer
NFL
Country
Puzzle
Pokémon
The Office
Song
hide this ad
More By:
n3dward
Quiz
Plays
Rating
Category
Featured
Created
100 goals BPL
17,016
2.88
Sports
Feb 2, 2013
West ham Squad
29
3.00
Sports
Feb 2, 2013
Go to Creator's Profile
Score Distribution
Quiz Creator Spotlight
n3dward
Follow
Send a Message
Quizzes Created
-
Created Quiz Play Count
-
More By This Creator
Popular Quizzes Today
1
Find the US States - No Outlines Minefield
2
Find the Countries of Europe - No Outlines Minefield
3
The Countries of the World
4
Popular People in 1961
5
1-10 Letter E Words III
6
US States
7
Find the US States
8
One Thing in Common: World Cities II
More Sports Quizzes
Christmas Pick: Tennis
Quiz Lab
Trending Quizzes
Risky Map Clicking: Least Populous States A-Z
1-10 Letter F Words
1-10 Letter G Words
One Thing in Common: United Kingdom
Risky Map Clicking: Next State Alphabetically
Recently Updated
Leaping Animals
pecheneg
Reality TV Shows (A-Z)
bhenderson79
Rickey Henderson's Hall of Fame Teammates
pecheneg
Champions League XIs: Arsenal
pecheneg
Quick Pick: Celebrities in WWE's Hall of Fame
aduchscher
A-Z Keypad Blitz II
pecheneg
Multiple Oscar Actors
pecheneg
Mystery Phrase Blitz: Oscar 'Best Actors'
pecheneg
F. Scott Fitzgerald Novels
LTH
Pick 3 Villains
ddd62291
Trending Topics
Marvel
NBA
Harry Potter
Kpop
Disney
Anime
Crossword
Puzzle
Country
WWE
Pokémon
Soccer
Song
The Office
NFL
Your Account Isn't Verified!
In order to create a playlist on Sporcle, you need to verify the email address you used during registration. Go to your
Sporcle Settings
to finish the process.
Report this User
Report this user for behavior that violates our
Community Guidelines
.
Details:
Send Report
Go to the Sporcle.com Mobile Site →
Comments